=LDR 00000nam 2200000 4500 =001 INLIS000000000000694 =005 20130612085129 =008 ***********************************Ind** =035 ##$$0010-061300000000694 =041 ##$$a Ind =082 ##$$a 92(Hook =090 ##$$a 92)Hook), Hoo-s =100 ##$$a Hook, Sidney =245 ##$$a Sidney Hook, sosok filsuf humanis demokrat dalam tradisi pragmatisme, Sidney Hook; penerjemah, Ignatius Gatut =260 ##$$a 1994 $b Jakarta =300 ##$$a xxviii, 354 hlm, 21 cm =650 ##$$a Hook, Sidney =700 ##$$a Gatut, Ignatius =850 ##$$a NBPNMAT